Особенности заканчивания скважин в условиях аномально низких пластовых давлений; Проблемы геологии и освоения недр; Т. 2

Detaylı Bibliyografya
Parent link:Проблемы геологии и освоения недр: труды XXI Международного симпозиума имени академика М. А. Усова студентов и молодых ученых, посвященного 130-летию со дня рождения профессора М. И. Кучина, Томск, 3-7 апреля 2017 г./ Национальный исследовательский Томский политехнический университет (ТПУ), Институт природных ресурсов (ИПР) ; под ред. А. С. Боева.— , 2017
Т. 2.— 2017.— [С. 528-529]
Yazar: Савинов С. О.
Müşterek Yazar: Национальный исследовательский Томский политехнический университет (ТПУ) Институт природных ресурсов (ИПР) Кафедра бурения скважин (БС)
Diğer Yazarlar: Ковалев А. В. Артем Владимирович (научный руководитель)
Özet:Заглавие с экрана
Dil:Rusça
Baskı/Yayın Bilgisi: 2017
Seri Bilgileri:Современные техника и технологии бурения скважин
Konular:
Online Erişim:http://earchive.tpu.ru/handle/11683/42176
Materyal Türü: MixedMaterials Elektronik Kitap Bölümü
KOHA link:https://koha.lib.tpu.ru/cgi-bin/koha/opac-detail.pl?biblionumber=623434

MARC

LEADER 00000naa2a2200000 4500
001 623434
005 20231101133249.0
035 |a (RuTPU)RU\TPU\conf\22382 
035 |a RU\TPU\conf\22375 
090 |a 623434 
100 |a 20170817d2017 k y0rusy50 ca 
101 0 |a rus 
102 |a RU 
105 |a y z 100zy 
135 |a drgn ---uucaa 
181 0 |a i  
182 0 |a b 
200 1 |a Особенности заканчивания скважин в условиях аномально низких пластовых давлений  |f С. О. Савинов  |g науч. рук. А. В. Ковалев 
203 |a Текст  |c электронный 
225 1 |a Современные техника и технологии бурения скважин 
230 |a 1 компьютерный файл (pdf; 427 Kb) 
300 |a Заглавие с экрана 
320 |a [Библиогр.: с. 528-529 (5 назв.)] 
461 1 |0 (RuTPU)RU\TPU\conf\21932  |t Проблемы геологии и освоения недр  |o труды XXI Международного симпозиума имени академика М. А. Усова студентов и молодых ученых, посвященного 130-летию со дня рождения профессора М. И. Кучина, Томск, 3-7 апреля 2017 г.  |o в 2 т.  |f Национальный исследовательский Томский политехнический университет (ТПУ), Институт природных ресурсов (ИПР) ; под ред. А. С. Боева  |d 2017 
463 1 |0 (RuTPU)RU\TPU\conf\21938  |t Т. 2  |v [С. 528-529]  |d 2017 
610 1 |a труды учёных ТПУ 
610 1 |a электронный ресурс 
610 1 |a заканчивание 
610 1 |a скважины 
610 1 |a пластовые давления 
610 1 |a низкие давления 
610 1 |a наполнители 
610 1 |a тампонажные растворы 
610 1 |a адгезия 
610 1 |a цементные кольца 
700 1 |a Савинов  |b С. О. 
702 1 |a Ковалев  |b А. В.  |c специалист в области нефтепромыслового оборудования  |c ассистент кафедры Томского политехнического университета  |f 1987-  |g Артем Владимирович  |2 stltpush  |4 727 
712 0 2 |a Национальный исследовательский Томский политехнический университет (ТПУ)  |b Институт природных ресурсов (ИПР)  |b Кафедра бурения скважин (БС)  |h 256  |2 stltpush  |3 (RuTPU)RU\TPU\col\18666 
801 2 |a RU  |b 63413507  |c 20170905  |g RCR 
856 4 |u http://earchive.tpu.ru/handle/11683/42176 
942 |c BK